000 01989nam0a2200409 i 4500
001 RU\NLR\BIBL_A\011006362
005 20260405081523.0
010 _a9785892898812
_9500
021 _aRU
_b2016-13934
_9897
035 _a(NILC)RuMoRGB-008153222
035 _a(NLR Aleph) 011006362
090 _a10997512
_c10997512
100 _a20160309d2015 km y0rusy50 ca
101 0 _arus
102 _aRU
105 _aa|||z|||000zy
200 1 _aМикроволновое излучение: характеристика, применение
_eмонография
_fЮ. В. Устинова, Т. В. Шевченко, В. М. Позняковский
_gМ-во образования и науки Российской Федерации, Кемеровский технологический ин-т пищевой пром-сти (ун-т)
210 _aКемерово
_c[б. и.]
_d2015
215 _a140 с.
_cил.
_d21
320 _aБиблиогр.: с. 124-140 (186 назв.)
606 _aСВЧ электромагнитное излучение
_xПрименение в сельском хозяйстве
_92280910
_3RU\NLR\AUTH\6601594798
606 _aМикрорадиоволны
_xПрименение в терапии
_9943040
_3RU\NLR\AUTH\66349265
606 _aСВЧ электромагнитное излучение
_92136517
_3RU\NLR\AUTH\661592610
675 _a621.396
686 1 _aЗ841-019.54
686 1 _aЛ114.6
686 1 _aП.в733.8
686 1 _aР354.26
700 1 _aУстинова
_bЮ. В.
_gЮлия Владиславовна
701 1 _8rus
_7ca
_aШевченко
_bТ.В.
_f1948-
_cд-р биол. наук
_gТатьяна Викторовна
_3RU\NLR\AUTH\7728431
_911462
701 1 _aПозняковский
_bВ. М.
_gВалерий Михайлович
801 0 _aRU
_bРГБ
_c20160219
_gRCR
801 2 _aRU
_bРГБ
_c20160225
_grcr
942 _cBOOK
980 _aNBR